El Contexto de la elaboración de política exterior

Αποθηκεύτηκε σε:
Λεπτομέρειες βιβλιογραφικής εγγραφής
Κύριος συγγραφέας: Bacchus, William
Μορφή: Κείμενο
Ετικέτες: Προσθήκη ετικέτας
Δεν υπάρχουν, Καταχωρήστε ετικέτα πρώτοι!

MARC

LEADER 00000 a a2200000 04500
001 4597
003
040
100 |a Bacchus, William  
245 |a El Contexto de la elaboración de política exterior  
773 |g número 10; páginas 255-274  
999 |c 27307  |d 27307